Danganronpa V3: Killing Game Personnage - Statistiques

Statistiques générales
  • Ce quiz a été pris 101 fois
  • Le résultat moyen est 16 sur 22
Statistiques - réponses
Hint Réponse % Correct
L'ultime Pianniste Kaede Akamatsu
93%
L'ultime Robot K1-B0
83%
L'ultime Astronaute Kaito Momota
83%
L'ultime Despote Kokichi Ôma
83%
L'ultime Inventeuse Miu Iruma
83%
Un ours bicolore Monokuma
83%
L'ultime Artiste Angie Yonaga
76%
Un rouge rose Monophanie
71%
Un ours jaune Monosuke
71%
Un ours rouge Monotaro
71%
L'ultime Détective Shûichi Saihara
71%
L'ultime Magicienne Himiko Yumeno
70%
L'ultime Gouvernante Kirumi Tôjô
70%
Un ours vert Monodam
70%
Un ours bleu Monokid
68%
L'ultime Cosplayeuse Tsumugi Shirogane
68%
L'ultime Nurse Maki Harukawa
67%
L'ultime ??? Rantarô Amami
67%
L'ultime Aïkoda Tenko Chabashira
67%
L'ultime Entomologiste Gonta Gokuhara
66%
L'ultime Tennisman Ryôma Hoshi
64%
L'ultime Anthropologue Korekiyo Shingûji
61%
Aucun quiz correspondant
Distribution des résultats
% des personnes avec chaque résultat
Percentile par nombre de réponses
Votre historique - résultats
Vous n’avez pas pris ce quiz